01864nmc a2200409 a 4500003000900000005001700009008004100026020001800067040001300085245004700098260027100145300003500416490014500451500026300596500004200859610005800901650003100959650002500990650001301015650002601028650001801054651001301072653004001085653003101125653002701156653002801183653002501211653002401236700002901260700002101289700002001310700001901330700002301349700001601372700003101388700003501419AR-BaBNM20251128210605.0140020s1997 ||||||||||||||000 | spa|| a84-369-2991-8 cAR-BaBNM10aLa tierra en el universobel sistema solar aMadridbMinisterio de Educacion y Ciencia (España)bMinisterio de Cultura y Educación (Argentina)bMinisterio de Educación (Cuba)bMinisterio de Educación (Venezuela)bUniversidad Nacional de Educación a DistanciabUniversidad Autónoma de Barcelonac1997 a88 p.btablas, gráfs.evideo 0aCurso de formación de profesores de ciencias. V Estudio de algunos sistemas materiales: la tierra como medio físico de la biosferavv. 1 aEste material forma parte del curso de enseñanza a distancia para la Televisión Educativa Iberoamericana. Se compone de 29 unidades didácticas que constan de un material impreso y de un programa audiovisual. Solicitar en MEDIATECA videos de Forciencias aContiene referencias bibliográficas24aAsociación de Televisión Educativa Iberoamericana 4aACTIVIDADES DE APRENDIZAJE 4aMETODOS DE ENSENANZA 4aBIOSFERA 4aCIENCIAS DE LA TIERRA 4aSISTEMA SOLAR 4aEspaña aENSENANZA DE LAS CIENCIAS NATURALES aFORMACION DOCENTE CONTINUA aTERCER CICLO DE LA EGB aSEGUNDO CICLO DE LA EGB aEDUCACION SECUNDARIA aUNIDADES DIDACTICAS1 aAssenza Parisi, Graciela1 aLacreu, Héctor1 aRela, Agustín1 aSalinas, Julia1 aSargorodoschi, Ana1 aThiel, Inge1 aBulwik, Martaecoordinador1 aPerazzo, Mónicaecoordinador